| 000 | 00383pab a2200145 454500 | ||
|---|---|---|---|
| 008 | 180718b2017 xxu||||| |||| 00| 0 eng d | ||
| 100 | _aBerg, Claudia N. et al | ||
| 245 | _aTransport policies and development ( a review article) | ||
| 260 | _c2017 | ||
| 300 | _ap.465-480. | ||
| 362 | _aApr | ||
| 650 | _aTransport | ||
| 773 | _aJournal of Development Studies | ||
| 909 | _a114355 | ||
| 999 |
_c114349 _d114349 |
||